000 00373nam a22001457a 4500
008 230331b |||||||| |||| 00| 0 eng d
020 _a978-93-89305-65-4
082 _a160
100 _aSteven Schuster
245 _aThe Critical Thinker
260 _bJaico Publishing House,
_c2020
300 _a178 p.
_c21.5 cm
942 _2ddc
999 _c9440
_d9441